| 000 | 00805nam a22002057a 4500 | ||
|---|---|---|---|
| 003 | OSt | ||
| 005 | 20250212083956.0 | ||
| 008 | 241003b |||||||| |||| 00| 0 eng d | ||
| 040 | _c0 | ||
| 100 |
_aAlberio, Jullie Ann R. _eauthor. _962166 |
||
| 245 |
_aEthnolinguistic study of manobo tribe / _cJullie Ann R. Alberio, Rex John E. Batuga, Rhea Mae C. Lantaca, and Tessie G. Miralles. |
||
| 260 |
_aPhilippines ; _bUniversity of Mindanao, _c2021. |
||
| 300 |
_avolume 13, pages 330-351, _billustration. |
||
| 500 | _aResearch Journal, v. 13, iss. 1, pages 330-351, 2021. | ||
| 700 |
_aAlberio, Jullie Ann R. _eauthor. _962166 |
||
| 700 |
_aBatuga, Rex John E. _eauthor. _964643 |
||
| 700 |
_aLantaca, Rhea Mae C. _eauthor. _964644 |
||
| 700 |
_aMiralles, Tessie G. _eauthor. _964645 |
||
| 942 |
_2ddc _cPER |
||
| 999 |
_c22170 _d22170 |
||